000 00700nam a2200229Ia 4500
003 OSt
005 20220928102051.0
006 a|||||r|||| 00| 0
007 ta
008 220927b |||||||| |||| 00| 0 eng d
024 _a26411
037 _cReference Collections
040 _aSDCL
_cSDCL
_beng
041 _2eng
_aeng
082 _aO-,1:gaN3, H3 RR
100 _aTate Allen Co.
_9396364
245 0 _aRecent American poetry and poetic criticism
_b A selected list of references.
260 _aWashington
_bLibrary of Congress
_c1943
300 _a13p
_ccm.
942 _hO-,1:gaN3, H3 RR
_cREF
_2CC
999 _c712083
_d712083